000 00406nam a22001697a 4500
005 20160627102841.0
008 160627b xxu||||| |||| 00| 0 eng d
020 _a0-340-81234-6
041 _aeng
082 _b10394
100 _aNuga, Simko
_92865
245 _aPractice Test for Verbal Reasoning
260 _bHodder and Stoughton
_c2008
300 _a171
650 _aManagement
_9241
942 _cBK
999 _c4143
_d4142